| 000 | 01256ata a2200445 4500 | ||
|---|---|---|---|
| 005 | 20241018185719.0 | ||
| 008 | 150728b xxu||||| |||| 00| 0 spa d | ||
| 020 | _a9786074483420 | ||
| 041 | _aEspañol | ||
| 082 | _a658.311 G733r4 | ||
| 100 |
_aGrados Espinoza, Jaime _96889 |
||
| 245 | _aReclutamiento, selección, contratación e inducción del personal | ||
| 250 | _a4edición | ||
| 260 | _aMéxico | ||
| 260 | _bEl Manual Moderno | ||
| 260 | _c2013 | ||
| 300 | _a366 páginas | ||
| 650 | _aRECURSOS HUMANOS | ||
| 650 | _aSELECCIÓN DE PERSONAL | ||
| 650 | _aCONTRATACIÓN DE PERSONAL | ||
| 650 | _aINDUCCIÓN DE PERSONAL | ||
| 650 | _aORGANIZACIÓN | ||
| 650 | _aPUESTOS | ||
| 650 | _aDIRECCIÓN DE EMPRESAS | ||
| 650 | _aEMPRESAS DE SERVICIOS | ||
| 650 | _aSELECCIÓN POR COMPETENCIAS | ||
| 650 | _aORGANIGRAMAS | ||
| 650 | _aEMPRESAS DE PRODUCCIÓN | ||
| 650 | _aPERFIL PROFESIONAL | ||
| 650 | _aEMPRESAS COMERCIALES | ||
| 650 | _aADMINISTRACIÓN PÚBLICA | ||
| 650 | _aENTREVISTA | ||
| 650 | _aCOOPERATIVISMO | ||
| 650 | _aANÁLISIS DE PUESTOS | ||
| 650 | _aTESTS PSICOMETRICOS | ||
| 650 | _aTESTS PSICOLÓGICOS | ||
| 650 | _aREGLAMENTO INTERIOR DE TRABAJO | ||
| 650 | _aOUTSOURCING | ||
| 942 | _cBK | ||
| 999 |
_c9207 _d9207 |
||